Statistics for Canadian Provinces

Click here to take the quiz!

General Stats

  • This quiz has been taken 15 times
  • The average score is 10 of 13

Answer Stats

Province% Correct
British Columbia
100%
Quebec
100%
Alberta
93%
Saskatchewan
93%
Ontario
86%
Yukon
86%
Nova Scotia
79%
Prince Edward Island
79%
Manitoba
71%
Northwest territories
64%
Nunavut
64%
Newfoundland & Labrador
57%
New Brunswick
50%

Score Distribution

Percentile by Number Answered

Percent of People with Each Score

Your Score History

You have not taken this quiz